000 00505nam a2200169Ia 4500
008 170510s9999 xx 000 0 und d
100 _aMicaella Gonzales
245 _aAgreeableness of Filipinos towards political change
245 _cMicaella Gonzales, Sung Hee Hong, Bianca Pleyto, Mayumi Reyes
260 _c2016
300 _apages 69-97,December
440 _aSGEN Research Review
_v5:1
650 _aAgreeableness
650 _aMillenials
650 _aPolitical change
650 _aPolitics
999 _c329884
_d329884